| 000 | 00000nas 2200000zi 4500 |
| 001 | 9.909822 |
| 003 | CaOODSP |
| 005 | 20240116131849 |
| 006 | m o d f |
| 007 | cr ||||||||||| |
| 008 | 220405d20172019bcc x p o f0###a0eng|d |
| 040 | |aCaOODSP|beng|erda|cCaOODSP |
| 043 | |an-cn--- |
| 086 | 1 |aIu85-3/1E-PDF |
| 245 | 00|a... at a glance. |
| 264 | 1|a[Vancouver] : |bDestination Canada, |c[2017-2019] |
| 310 | |aIrregular |
| 336 | |atext|btxt|2rdacontent |
| 337 | |acomputer|bc|2rdamedia |
| 338 | |aonline resource|bcr|2rdacarrier |
| 362 | 1 |aBegan with August 2017; ceased with April 2019? |
| 500 | |aIssued also in French under title: ... en un coup d'oeil. |
| 588 | |aDescription based on: August 2017. |
| 588 | |aLatest issue consulted: April 2019. |
| 650 | 0|aTourism|zCanada|vPeriodicals. |
| 655 | 7|aPeriodicals|2lcgft |
| 710 | 2 |aDestination Canada, |eissuing body. |
| 775 | 08|t... en un coup d'oeil.|w(CaOODSP)9.909827 |